Conference Proceedings:National Conference on climate smart agriculture for livelihood security challenges and opportunities (Record no. 290148)

MARC details
000 -LEADER
fixed length control field 00715nam a22002057a 4500
003 - CONTROL NUMBER IDENTIFIER
control field OSt
082 ## - DEWEY DECIMAL CLASSIFICATION NUMBER
Classification number TNAU/CP 2019
245 ## - TITLE STATEMENT
Title Conference Proceedings:National Conference on climate smart agriculture for livelihood security challenges and opportunities
Remainder of title 13-14 September 2019
260 ## - PUBLICATION, DISTRIBUTION, ETC. (IMPRINT)
Place of publication, distribution, etc Tamil Nadu
Name of publisher, distributor, etc Anbil Dharmalingam Agricultural College and Research Institute
Date of publication, distribution, etc 2019
300 ## - PHYSICAL DESCRIPTION
Extent 425p.
546 ## - LANGUAGE
Language note English
650 ## - SUBJECT ADDED ENTRY--TOPICAL TERM
Topical term or geographic name as entry element Tamil Nadu Agricultural University
650 ## - SUBJECT ADDED ENTRY--TOPICAL TERM
Topical term or geographic name as entry element Climate Smart Agriculture
650 ## - SUBJECT ADDED ENTRY--TOPICAL TERM
Topical term or geographic name as entry element Breeding Crops
650 ## - SUBJECT ADDED ENTRY--TOPICAL TERM
Topical term or geographic name as entry element Climate Change
650 ## - SUBJECT ADDED ENTRY--TOPICAL TERM
Topical term or geographic name as entry element Biosensors use in Agriculture
650 ## - SUBJECT ADDED ENTRY--TOPICAL TERM
Topical term or geographic name as entry element Genetic Diversity Study
700 ## - ADDED ENTRY--PERSONAL NAME
Personal name Alagesan,A, Ed. et.al.
942 ## - ADDED ENTRY ELEMENTS (KOHA)
Source of classification or shelving scheme Dewey Decimal Classification
Koha item type Report
Holdings
Lost status Source of classification or shelving scheme Damaged status Not for loan Collection code Home library Current library Shelving location Date acquired Total Checkouts Full call number Barcode Date last seen Koha item type
  Dewey Decimal Classification   Not For Loan Reports KAU Central Library, Thrissur KAU Central Library, Thrissur Reports 27/01/2023   TNAU/CP 2019 811950 27/01/2023 Report
Kerala Agricultural University Central Library
Thrissur-(Dt.), Kerala Pin:- 680656, India
Ph : (+91)(487) 2372219
E-mail: librarian@kau.in
Website: http://library.kau.in/